|
|
แสดงรายละเอียดบรรณานุกรม |
|
|
Brief Record
: Get Marc (ISO 2709)
: E-mail record
: |
|
|
| LEADER 00000nam 2200000uu 4500 | |||
| 001 214016 | |||
| 003 ULIBM | |||
| 008 020711s2021 th a 000 0 eng d | |||
| 020 9780729543675 | |||
| 060 WY152 V414g 2021 | |||
| 100 Vafeas, Caroline | |||
| 245 ^aGerontological nursing:^ba holistic approach to the crae of older people/^cCaroline Vafeas, Susan Slatyer | |||
| 260 Chatswood,NSW :^bElsevier,^c2021 | |||
| 300 xv,392 pages :^bภาพประกอบ ;^c21 cm | |||
| 650 ^aGeriatric Nursing | |||
| คุณยังไม่ได้ล็อกอิน คุณสามารถมีกิจกรรมร่วมกับเว็บไซต์ได้ แต่ต้องล็อกอินก่อน :: |
|
| สถานะ | |||||||||
| 1. | การพยาบาล (ตำราหลัก) | Y152 V414g 2021 c.1 | On Shelf ขอยืม | ||||||
| Note:จัดซื้อปีงบประมาณ 2565 | |||||||||
| [แสดง 1/1 รายการ] | |||||||||
| รายการใกล้เคียง หัวเรื่อง [Geriatric Nursing]
|
BibComment |
| คอมเมนท์ทรัพยากรรายการนี้ |
|
|